Every 100,000+ city in China: Heilongjiang - Statistics

General Stats
  • This quiz has been taken 2 times
  • The average score is 19 of 40
Answer Stats
Letter Population City % Correct
D 1,704,493 Daqing
100%
H 7,311,226 Harbin
100%
H 704,532 Hegang
100%
J 872,104 Jiamusi
100%
J 1,109,025 Jixi
100%
M 1,276,702 Mudanjiang
100%
Q 1,591,016 Qiqihar
100%
Q 744,079 Qitaihe
100%
A 172,912 Acheng
50%
A 125,005 Anda
50%
D 103,595 Daxing'anling
50%
D 114,205 Dongning
50%
F 106,050 Fujin
50%
F 120,519 Fuyu
50%
H 138,913 Hailin
50%
H 104,592 Hailun
50%
H 273,030 Heihe
50%
H 100,558 Hulin
50%
L 146,095 Longjiang
50%
N 110,289 Ning'an
50%
S 134,890 Shangzhi
50%
S 154,632 Shuangcheng
50%
S 685,009 Shuangyashan
50%
S 102,403 Suibin
50%
S 590,458 Suihua
50%
T 105,463 Tonghe
50%
W 104,705 Wangkui
50%
Y 448,152 Yichun
50%
Y 143,603 Yilan
50%
Z 116,043 Zhaodong
50%
B 102,876 Boli
0%
F 249,054 Fularji
0%
M 151,230 Mishan
0%
N 101,390 Nenjiang
0%
T 141,426 Taikang
0%
T 107,307 Tailai
0%
T 122,066 Tieli
0%
W 112,060 Wuchang
0%
Y 103,139 Yi'An
0%
Z 109,061 Zhaoyuan
0%
No matching quizzes found
Score Distribution
Percent of People with Each Score
Percentile by Number Answered
Your Score History
You have not taken this quiz